Lanean...
ഗ്നു/ ലിനക്സ്
| Egile nagusia: | |
|---|---|
| Formatua: | Printed Book |
| Argitaratua: |
Kottayam
Info Kairali
2014
|
| Gaiak: |
| LEADER | 00480nam a22001457a 4500 | ||
|---|---|---|---|
| 082 | |a 005.3 |b LIN | ||
| 100 | |a Nandakumar Edamana | ||
| 245 | |a ഗ്നു/ ലിനക്സ് | ||
| 260 | |a Kottayam |b Info Kairali |c 2014 | ||
| 300 | |a 104p. | ||
| 650 | |a Linux | ||
| 650 | |a Gnu/ Linux | ||
| 942 | |c BK | ||
| 999 | |c 53072 |d 53072 | ||
| 952 | |0 0 |1 0 |4 0 |6 005_300000000000000_LIN |7 0 |9 67157 |a KU |b KU |c GEN |d 2019-01-19 |e Ad.D2/5736/2013 dtd.24/11/2017 |g 90.00 |l 0 |o 005.3 LIN |p CL01541 |r 2019-01-19 |w 2019-01-19 |y BK | ||